Normal view MARC view
  • Protein Protein interaction

Entry Uniform Title

Number of records used in: 3

001 - CONTROL NUMBER

  • control field: 3238

003 - CONTROL NUMBER IDENTIFIER

  • control field: NUST

005 - DATE AND TIME OF LATEST TRANSACTION

  • control field: 20170711170711.0

008 - FIXED-LENGTH DATA ELEMENTS

  • fixed length control field: 170711|| aca||aabn | a|a d

040 ## - CATALOGING SOURCE

  • Original cataloging agency: NUST
  • Transcribing agency: NUST

130 ## - HEADING--UNIFORM TITLE

  • Uniform title: Protein Protein interaction

670 ## - SOURCE DATA FOUND

  • Source citation: Work cat.: (NUST): Rehan Zafar Paracha 3236, TH-PhD-Modelling of TLR4 and JAK/STAT Signaling pathways and protein-protein interaction studies to examine the pathophysiology of sepsis., 2015
© 2023 Central Library, National University of Sciences and Technology. All Rights Reserved.